Statistics for Countries With the Most Tamil Speakers

Click here to take the quiz!

General Stats

  • This quiz has been taken 19 times
  • The average score is 6 of 8

Answer Stats

SpeakersCountry% Correct
69,026,881India
100%
3,135,770Sri Lanka
94%
192,665Singapore
89%
238,699United States
89%
1,800,000Malaysia
83%
1,000,000Myanmar
78%
140,720Canada
56%
250,000South Africa
33%

Score Distribution

Percentile by Number Answered

Percent of People with Each Score

Your Score History

You have not taken this quiz